Bee pollination in agricultural ecosystems (Record no. 1104)

MARC details
000 -LEADER
fixed length control field 02630nam a22003494a 4500
001 - CONTROL NUMBER
control field BD-DhSAU 1104
003 - CONTROL NUMBER IDENTIFIER
control field BD-DhSAU
005 - DATE AND TIME OF LATEST TRANSACTION
control field 20161107075318.0
008 - FIXED-LENGTH DATA ELEMENTS--GENERAL INFORMATION
fixed length control field 150112s2008 enkab ob 001 0 eng d
020 ## - INTERNATIONAL STANDARD BOOK NUMBER
International Standard Book Number 9780195316957 (cloth : alk. paper)
020 ## - INTERNATIONAL STANDARD BOOK NUMBER
International Standard Book Number 0195316959 (cloth : alk. paper)
040 ## - CATALOGING SOURCE
Original cataloging agency BD-DhSAU
082 00 - DEWEY DECIMAL CLASSIFICATION NUMBER
Classification number 577.5/5
Edition number 22
Item number Online access
210 10 - ABBREVIATED TITLE
Abbreviated title Bee pollination in agricultural ecosystems
245 00 - TITLE STATEMENT
Title Bee pollination in agricultural ecosystems
Medium [online resource] /
Statement of responsibility, etc. edited by Rosalind R. James and Theresa L. Pitts-Singer.
260 ## - PUBLICATION, DISTRIBUTION, ETC. (IMPRINT)
Place of publication, distribution, etc. Oxford ;
-- New York :
Name of publisher, distributor, etc. Oxford University Press,
Date of publication, distribution, etc. 2008.
500 ## - GENERAL NOTE
General note Oxford scholarship online biology
504 ## - BIBLIOGRAPHY, ETC. NOTE
Bibliography, etc Includes bibliographical references and index.
505 00 - FORMATTED CONTENTS NOTE
Title Bees in nature and on the farm /
Statement of responsibility Theresa L. Pitts-Singer and Rosalind R. James --
Title Crop pollination services from wild bees /
Statement of responsibility Claire Kremen --
Title Crop pollination in greenhouses /
Statement of responsibility José M. Guerra-Sanz --
Title Pollinating bees crucial to farming wildflower seed for U.S. habitat restoration /
Statement of responsibility James H. Cane --
Title Honey bees, bumble bees, and biocontrol: new alliances between old friends /
Statement of responsibility Peter G. Kevan ... [et al.] --
Title Life cycle ecophysiology of osmia mason bees used as crop pollinators /
Statement of responsibility Jordi Bosch, Fabio Sgolastra, and William P. Kemp --
Title Past and present management of alfalfa bees /
Statement of responsibility Theresa L. Pitts-Singer --
Title The problem of disease when domesticating bees /
Statement of responsibility Rosalind R. James --
Title Environmental impact of exotic bees introduced for crop pollination /
Statement of responsibility Carlos H. Vergara --
Title Invasive exotic plant-bee interactions /
Statement of responsibility Karen Goodell --
Title Estimating the potential for bee-mediated gene flow in genetically modified crops /
Statement of responsibility James E. Cresswell --
Title Genetically modified crops: effects on bees and pollination /
Statement of responsibility Lora A. Morandin --
Title The future of agricultural pollination /
Statement of responsibility Rosalind R. James and Theresa L. Pitts-Singer.
506 ## - RESTRICTIONS ON ACCESS NOTE
Terms governing access License restrictions may limit access.
590 ## - Name of Cataloguer
Name of Cataloger Anwar
650 #0 - SUBJECT ADDED ENTRY--TOPICAL TERM
Topical term or geographic name as entry element Bees
General subdivision Control
-- Environmental aspects
Geographic subdivision United States.
650 #0 - SUBJECT ADDED ENTRY--TOPICAL TERM
Topical term or geographic name as entry element Pollination by insects.
650 #0 - SUBJECT ADDED ENTRY--TOPICAL TERM
Topical term or geographic name as entry element Agricultural ecology
Geographic subdivision United States.
700 1# - ADDED ENTRY--PERSONAL NAME
Personal name James, Rosalind R.
700 1# - ADDED ENTRY--PERSONAL NAME
Personal name Pitts-Singer, Theresa L.
773 #0 - HOST ITEM ENTRY
Title Oxford Scholarship Online Biology
773 #0 - HOST ITEM ENTRY
Title Oxford University Press Scholarship Online
856 40 - ELECTRONIC LOCATION AND ACCESS
Uniform Resource Identifier <a href="http://www.oxfordscholarship.com/view/10.1093/acprof:oso/9780195316957.001.0001/acprof-9780195316957?rskey=Oo7eLK&result=10">http://www.oxfordscholarship.com/view/10.1093/acprof:oso/9780195316957.001.0001/acprof-9780195316957?rskey=Oo7eLK&result=10</a>
856 40 - ELECTRONIC LOCATION AND ACCESS
Uniform Resource Identifier <a href="http://doi.org/10.1093/acprof:oso/9780195316957.001.0001">http://doi.org/10.1093/acprof:oso/9780195316957.001.0001</a>
942 ## - ADDED ENTRY ELEMENTS (KOHA)
Koha item type Online book
Source of classification or shelving scheme Dewey Decimal Classification

No items available.